Geografia krajów bałkańskich od A do Z #3 - Statystyki

Ogólne statystyki
  • Ten quiz został rozwiązany 26 razy
  • Średni wynik to 14 z 23
Statystyki odpowiedzi
Litera Pytanie Odpowiedź % Poprawnych
C Do jakiego morza ma dostęp Bułgaria? Czarne
100%
A Z jakim krajem Macedonia Północna graniczy od zachodu? Albania
95%
G Ze względu na protestu którego kraju Macedonia musiała zmienić swoją nazwę na Macedonia Północna? Grecja
91%
N Do jakiej międzynarodowej organizacji militarnej należy zarówno Bułgaria jak i Macedonia Północna? (nazwa skrótowa). NATO
91%
J Od którego kraju ogłosiła swoją niepodległość Macedonia Północna? Jugosławia
86%
R Z jakim krajem Bułgaria graniczy od północy? Rumunia
86%
T Z jakim krajem graniczy Bułgaria od południowego wschodu? Turcja
86%
U Do jakiej organizacji międzynarodowej dołączyła Bułgaria w 2007 roku? Unia Europejska
86%
S Które miasto jest stolicą Macedonii Północnej? Skopje
82%
P Która religia jest dominująca w Bułgarii? Prawosławie
77%
D Jaką nazwę nosi obowiązująca w Macedonii Północnej waluta? Denar macedoński
73%
Ż Który gad, posiadający skorupę jest przykładem fauny południowej Bułgarii? Żółw
73%
Z Czorba, jedna ze sztandarowych potraw bułgarskich to oparta na fasoli...? Zupa
64%
W Jaką nazwę nosi największy bułgarskie miasto portowe pod którym 1444 roku doszło do bitwy między Imperium Osmańską a koalicją antyturecką? Warna
59%
L Jaką nazwę nosi obowiązująca w Bułgarii waluta? Lew bułgarski
55%
H Jaką nazwę nosił lud koczowniczy który wziął udział w etnogenezę Bułgarów? -jednym z przywódców tego ludu był Attyla. Hunowie
50%
M Co z Greki oznacza, nazwa Bułgarskiej stolicy? Mądrość
36%
F Do 2019 roku Macedonia Północna na arenie międzynarodowej była znana pod pięcioliterowym skrótem oznaczającym -Była Jugosłowiańska Republika Macedonia. Podaj ten skrót literowy. FYROM
27%
B Jaką obecnie nazwę nosi macedońskie miasto znane w starożytności jako Herakleja Lynkestis? - założone przez Filipa II Macedońskiego w IV wieku p.n.e Bitola
14%
O Jaką nazwę nosi znajdujące się na pograniczu południowo-zachodnim macedońskie jezioro? Ochrydzkie
14%
E Kozłoduj to nazwa jedynej bułgarskiej....? Elektrownia atomowa
9%
I Od jakiego kraju w 1908 roku ogłosiła swoją niepodległość Bułgaria? Imperium Otomańskie
5%
K Na 29% terenu Bułgarii występuje ten typ gleby. Kasztanowa
0%
Nie znaleziono quizów pasujących do podanych kryteriów
Rozkład punktacji
Procent ludzi z każdym wynikiem
Percentyl według liczby udzielonych odpowiedzi
Twoja historia wyników
Nie rozwiązałeś tego quizu